Enviornmental Analysis (Record no. 319804)

MARC details
000 -LEADER
fixed length control field 00430nam a2200157Ia 4500
008 - FIXED-LENGTH DATA ELEMENTS--GENERAL INFORMATION
fixed length control field 230718s9999 xx 000 0 und d
041 ## - LANGUAGE CODE
Language code of text/sound track or separate title eng
082 ## - DEWEY DECIMAL CLASSIFICATION NUMBER
Classification number 543
Item number REE
100 ## - MAIN ENTRY--PERSONAL NAME
Personal name Reeve R.N.
9 (RLIN) 142205
245 ## - TITLE STATEMENT
Title Enviornmental Analysis
Remainder of title Analytical Chemistery By Open Learning
260 ## - PUBLICATION, DISTRIBUTION, ETC. (IMPRINT)
Name of publisher, distributor, etc. John Wiley
300 ## - PHYSICAL DESCRIPTION
Accompanying material [OBSOLETE, CAN/MARC] Ref 575 I ME (31011)
365 ## - TRADE PRICE
Currency code Rs.
700 ## - ADDED ENTRY--PERSONAL NAME
Personal name Reeve R.N.
9 (RLIN) 142205
906 ## - LOCAL DATA ELEMENT F, LDF (RLIN)
d B:687406-Dec-2008
c ME INS
Holdings
Withdrawn status Lost status Source of classification or shelving scheme Reference No Damaged status Not for loan Home library Current library Date acquired Vendor Budget Code Bill number Full call number Barcode Date last seen Bill Date Koha item type Original Barcode
    Dewey Decimal Classification Ref 575 I (31011)   Reference Cummins College of Engineering for Women Pune Cummins College of Engineering for Women Pune 20/12/2008 Tbs ME INS 6874 543 CCEP-BK-31011 18/07/2023 06/12/2008 Books 031011